When you are engulfed in Flames /

Guardat en:
Dades bibliogràfiques
Autor principal: Sedaris, David (Autor)
Format: Llibre
Idioma:anglès
Publicat: London : Little Brown, [2008]
Etiquetes: Afegir etiqueta
Sense etiquetes, Sigues el primer a etiquetar aquest registre!

MARC

LEADER 00000nam a22000007i 4500
001 IT\ICCU\UBO\3512377
003 ItRI
005 20250920230406.0
008 081028s2008 xxk|||||| ||||| |||||c
020 |a 9781408700921 
040 |b ita  |c ct 
041 7 |a eng  |2 ISO-639-2 
100 1 |a Sedaris, David  |0 IT\ICCU\MODV\258957  |4 aut 
245 1 0 |a When you are engulfed in Flames /  |c David Sedaris. 
260 |a London :  |b Little Brown,  |c [2008] 
300 |a 310 p. ;  |c 22 cm. 
942 |2 ddc  |c BK 
952 |0 0  |1 0  |2 ddc  |4 0  |6 B_LNR02SEDDAWHE11  |7 0  |9 7875  |a MI  |b MI  |d 2013-07-15  |i 6305  |l 0  |o B-LNR02-SEDDA-WHE11  |p CDOM6305  |r 2025-07-13 16:28:00  |w 2025-07-13  |x DONO  |y BK 
981 1 |6 z01  |a i   |b xxxe  
982 1 |6 z01  |a n 
999 |c 6545  |d 6545